<?xml version="1.0" encoding="UTF-8"?><?xml-stylesheet type="text/xsl" href="static/style.xsl"?><OAI-PMH xmlns="http://www.openarchives.org/OAI/2.0/" xmlns:xsi="http://www.w3.org/2001/XMLSchema-instance" xsi:schemaLocation="http://www.openarchives.org/OAI/2.0/ http://www.openarchives.org/OAI/2.0/OAI-PMH.xsd"><responseDate>2026-04-17T03:44:53Z</responseDate><request verb="GetRecord" identifier="oai:www.recercat.cat:2072/478438" metadataPrefix="marc">https://recercat.cat/oai/request</request><GetRecord><record><header><identifier>oai:recercat.cat:2072/478438</identifier><datestamp>2024-11-12T03:02:47Z</datestamp><setSpec>com_2072_98</setSpec><setSpec>col_2072_378192</setSpec></header><metadata><record xmlns="http://www.loc.gov/MARC21/slim" xmlns:dcterms="http://purl.org/dc/terms/" xmlns:xsi="http://www.w3.org/2001/XMLSchema-instance" xmlns:doc="http://www.lyncode.com/xoai" xsi:schemaLocation="http://www.loc.gov/MARC21/slim http://www.loc.gov/standards/marcxml/schema/MARC21slim.xsd">
   <leader>00925njm 22002777a 4500</leader>
   <datafield ind2=" " ind1=" " tag="042">
      <subfield code="a">dc</subfield>
   </datafield>
   <datafield ind2=" " ind1=" " tag="720">
      <subfield code="a">Garcia-Ramon, Maria Dolores,</subfield>
      <subfield code="e">author</subfield>
   </datafield>
   <datafield ind2=" " ind1=" " tag="720">
      <subfield code="a">Monk, Janice</subfield>
      <subfield code="e">author</subfield>
   </datafield>
   <datafield ind2=" " ind1=" " tag="260">
      <subfield code="c">2007</subfield>
   </datafield>
   <datafield ind2=" " ind1=" " tag="520">
      <subfield code="a">In introducing this theme issue on international directions in gender studies in geography, we take up three cross-cutting issues. First, we examine the importance of context in shaping where, why, how and by whom gender research is carried out, noting the importance of the representation of women in the profession, the place of geography within the social sciences, and the implications of political and economic contexts. Second, we review theoretical and methodological directions and empirical emphases. Third, we take up the politics of Anglo-American and English-language hegemonies in research publications, recognizing that hegemonies are internally as well as externally created. We suggest practices that could foster scholarship that is more inclusive intellectually and politically. We advocate theorizing that interrogates how "diversity" and "difference" are imagined; we argue for promoting both specialist research as well as the "mainstreaming" of gender perspectives; and we suggest ways of challenging the notion that English-language publications are synonymous with international prestige and value.</subfield>
   </datafield>
   <datafield ind2=" " ind1=" " tag="520">
      <subfield code="a">En introduisant le thème des divergences internationales sur les études de genre en géographie, nous prenons en considération trois points qui se recoupent. Premièrement, nous examinons l'importance du contexte qui explique où, pourquoi, comment et par qui est effectuée la recherche sur les genres. Nous faisons particulièrement attention à l'importance de la représentation des femmes dans la profession, la place de la géographie dans les sciences sociales et les implications des contextes politiques et économiques. Deuxièmement, nous passons en revue les directions théoriques et méthodologiques ainsi que les principales études empiriques. Troisièmement, nous considérons les politiques des hégémonies anglo-américaines et anglophones dans les publications, tout en reconnaissant que ces hégémonies sont créées à la fois intérieurement et extérieurement. Nous proposons ensuite des pratiques qui soutiendraient une connaissance qui soit plus inclusive intellectuellement et politiquement. Nous préconisons une théorisation qui s'interroge sur la manière dont la "diversité" et la "différence" sont imaginées et nous encourageons autant la recherche spécialisée que les perspectives des "courants dominants" sur les études de genres. Enfin, nous soulignons plusieurs points qui défient l'idée que les publications dans des revues de langue anglaise sont synonymes de prestige international et de qualité.</subfield>
   </datafield>
   <datafield ind1="8" ind2=" " tag="024">
      <subfield code="a">http://hdl.handle.net/2072/478438</subfield>
   </datafield>
   <datafield tag="653" ind2=" " ind1=" ">
      <subfield code="a">Contexts</subfield>
   </datafield>
   <datafield tag="653" ind2=" " ind1=" ">
      <subfield code="a">Gender research</subfield>
   </datafield>
   <datafield tag="653" ind2=" " ind1=" ">
      <subfield code="a">Hegemonies</subfield>
   </datafield>
   <datafield tag="653" ind2=" " ind1=" ">
      <subfield code="a">Publishing practices</subfield>
   </datafield>
   <datafield tag="653" ind2=" " ind1=" ">
      <subfield code="a">Contextes</subfield>
   </datafield>
   <datafield tag="653" ind2=" " ind1=" ">
      <subfield code="a">Recherche sur les genres</subfield>
   </datafield>
   <datafield tag="653" ind2=" " ind1=" ">
      <subfield code="a">Hégémonies</subfield>
   </datafield>
   <datafield tag="653" ind2=" " ind1=" ">
      <subfield code="a">Méthodes de publication</subfield>
   </datafield>
   <datafield ind2="0" ind1="0" tag="245">
      <subfield code="a">Gender and geography : World views and practices</subfield>
   </datafield>
</record></metadata></record></GetRecord></OAI-PMH>